MARC

LEADER 00000nam0a2200000 4500
001 317230
005 20231102002943.0
035 |a (RuTPU)RU\TPU\book\342698 
090 |a 317230 
100 |a 20160406d1955 m y0rusy50 ca 
101 0 |a rus 
102 |a RU 
105 |a a j 001zy 
200 1 |a Химический контроль на тепловых электростанциях (водный режим)  |e учебное пособие для вузов  |f Н. Г. Пацуков, О. И. Мартынова 
210 |a Москва  |a Ленинград  |c Госэнергоиздат  |d 1955 
215 |a 336 с.  |c ил. 
320 |a Библиогр.: с. 334-335 
606 1 |a Тепловые электрические станции  |x Водный режим  |2 stltpush  |3 (RuTPU)RU\TPU\subj\59606  |9 77116 
610 1 |a химический контроль 
610 1 |a методы 
610 1 |a количественный анализ 
610 1 |a весовые методы 
610 1 |a объемно-аналитические методы 
610 1 |a методы осаждения 
610 1 |a методы комплексообразования 
610 1 |a титрование 
610 1 |a нейтрализация 
610 1 |a окислительно-восстановительные потенциалы 
610 1 |a колориметрия 
610 1 |a нефелометрический метод 
610 1 |a технологические показатели 
610 1 |a пробы 
610 1 |a анализ 
610 1 |a питательная вода 
610 1 |a пар 
610 1 |a реагентное хозяйство 
610 1 |a теплосиловое оборудование 
610 1 |a коррозия 
610 1 |a теплохимические испытания 
610 1 |a учебные пособия 
675 |a 621.311.22.002.5:621.182.1(075.8)  |v 4 
700 1 |a Пацуков  |b Н. Г.  |g Николай Григорьевич 
701 1 |a Мартынова  |b О. И.  |g Ольга Исааковна 
801 1 |a RU  |b 63413507  |c 20160406 
801 2 |a RU  |b 63413507  |c 20221209  |g RCR 
942 |c BK